MARC

LEADER 00000nam0a2200000 4500
001 119257
005 20231101215528.0
020 |a RU  |b 87-42274 
035 |a (RuTPU)RU\TPU\book\129057 
090 |a 119257 
100 |a 20070627d1987 km a0rusy5003 ca 
101 0 |a rus 
102 |a UA 
105 |a a z 001zy 
200 1 |a Снижение металлоемкости сварных швов стальных конструкций  |f А. Е. Аснис, Ю. Г. Мосенкис 
210 |a Киев  |c Технiка  |d 1987 
215 |a 107,[3] с.  |c ил.  |d 20 см 
320 |a Библиогр.: с. 106-108 (43 назв.) 
606 |a Сварные конструкции  |x Металлоемкость  |2 stltpush  |3 (RuTPU)RU\TPU\subj\53957  |9 72121 
610 1 |a металлоемкость 
610 1 |a сварные швы 
610 1 |a сварные соединения 
610 1 |a применение 
610 1 |a дуговая сварка 
675 |a 621.791 
700 1 |a Аснис  |b А. Е.  |g Аркадий Ефимович  |4 070 
701 1 |a Мосенкис  |b Ю. Г.  |g Юрий Григорьевич  |4 070 
801 0 |a RU  |b RuMRKP  |c 19950417  |g psbo 
801 1 |a RU  |b 63413507  |c 20070627  |g PSBO 
801 2 |a RU  |b 63413507  |c 20180208  |g PSBO 
942 |c BK